000 01400nam a2200253Ia 4500
999 _c40539
_d40539
001 7150
003 GE_BSU
005 20231024163115.0
008 181216s2008||||ge |||||||||||||| ||geo||
020 _a9789994059126
040 _cGE_BSU
041 _ageo
080 _a070(479.22)(092)+821+94(479.22)+94(560) ა-88
100 _aასლანიშვილი-ბავრელი, სოლომონ
_920224
245 _aწერილები "ოსმალოს საქართველოზე /
_cსოლომონ ასლანიშვილი-ბავრელი ; რედ. როინ მეტრეველი.
264 _aთბილისი :
_bარტანუჯი,
_c2008.
300 _a226 გვ. ;
_c20 სმ.
500 _aგარეკანის პირველ გვერდზე : თურქეთი. ხანძთის მონასტერი სოფ. ფორთასთან
520 _aგარეკანის პირველ გვერდზე:თურქეთი. ხანძთის მონასტერი სოფ.ფორთასთან
541 _h5ლ.
653 _aწერილები "ოსმალოს საქართველოზე
700 _aმეტრეველი, როინ
_eრედაქტორი
_920225
942 _cBK
_2udc